General ecology / (Record no. 11432)
[ view plain ]
| 000 -LEADER | |
|---|---|
| fixed length control field | 00422cam a22001574a 4500 |
| 020 ## - INTERNATIONAL STANDARD BOOK NUMBER | |
| ISBN | 0534375286 (alk. paper) |
| 040 ## - CATALOGING SOURCE | |
| Transcribing agency | DLC |
| 082 00 - DEWEY DECIMAL CLASSIFICATION NUMBER | |
| Classification number | 577 BRO 2001 A030 Or. |
| 100 1# - MAIN ENTRY--AUTHOR NAME | |
| Personal name | Krohne, David T. |
| 245 10 - TITLE STATEMENT | |
| Title | General ecology / |
| 250 ## - EDITION STATEMENT | |
| Edition statement | 2nd ed. |
| 260 ## - PUBLICATION, DISTRIBUTION, ETC. (IMPRINT) | |
| Place of publication | Pacific Grove, CA : |
| Name of publisher | Brooks/Cole, |
| Year of publication | c2001. |
| 300 ## - PHYSICAL DESCRIPTION | |
| Number of Pages | xvi, 512 p. : |
| Other physical details | ill. (some col.), maps (some col.) ; |
| Dimensions | 28 cm. |
| 650 #0 - SUBJECT ADDED ENTRY--TOPICAL TERM | |
| Topical Term | Ecology. |
| 942 ## - ADDED ENTRY ELEMENTS (KOHA) | |
| Koha item type | សៀវភៅភាសាអង់គ្លេស |
| 952 ## - LOCATION AND ITEM INFORMATION (KOHA) | |
| Withdrawn status [LOCAL, KOHA] | 0 |
| Permanent Location | Date acquired | Koha item type | Lost status | Shelving location | Barcode | Current Location | Full call number |
|---|---|---|---|---|---|---|---|
| Library Block A | 2017-08-02 | សៀវភៅភាសាអង់គ្លេស | A030 | A10674 | Library Block A | 577 BRO 2001 A030 Or. |